[Event "IECG TG.2005.0.15361"]
[Site "IECG email"]
[Date "2005.03.08"]
[Round "2"]
[White "Ghellere, Stefano"]
[Black "Nunes, Antonio Carvalho Jr"]
[Result "0-1"]
[WhiteElo "1267"]
[BlackElo "1347"]
[PlyCount "82"]
[EventDate "2005.03.08"]
[EventType "match (corr)"]
[EventRounds "2"]
[SourceTitle "Corr 2008"]
[Source "ChessBase"]
[SourceDate "2008.06.24"]
[SourceVersion "1"]
[SourceVersionDate "2008.06.24"]
[SourceQuality "1"]

1. e4 c6 2. d4 d5 3. exd5 cxd5 4. Bd3 Nf6 5. Nf3 Nc6 6. Nc3 Bg4 7. Be3 e6 8. h3 Bh5 9. Qd2 Bb4 10. Ne5 Nxe5 11. dxe5 Nd7 12. a3 Bxc3 13. Qxc3 Rc8 14. Qb4 Nxe5 15. Bb5+ Nd7 16. Bxa7 Rxc2 17. Bd3 Rc7 18. Be3 Qe7 19. Qa5 Rc8 20. Qb5 0-0 21. g4 Bg6 22. Bxg6 hxg6 23. 0-0 Ne5 24. Rac1 Nc4 25. Rfe1 Nxe3 26. Rxc8 Rxc8 27. Rxe3 d4 28. Re1 Rc2 29. Qb3 Qc5 30. Qxb7 d3 31. Rf1 d2 32. Qd7 Qd5 33. Qxd5 exd5 34. Rd1 Rc1 35. Kf1 Rxd1+ 36. Ke2 Rb1 37. Kxd2 Rxb2+ 38. Ke3 Rb3+ 39. Kd4 Rxa3 40. Kxd5 Rf3 41. h4 Rxf2 0-1

[Event "IECG WC.2008.P.00025 email"]
[Site "IECG email"]
[Date "2004.03.05"]
[Round "?"]
[White "Dehaybe, Andre"]
[Black "Nunes, Antonio Carvalho Jr"]
[Result "1/2-1/2"]
[WhiteElo "1869"]
[BlackElo "1027"]
[PlyCount "53"]
[EventDate "2004.03.05"]
[EventType "tourn (corr)"]
[EventRounds "6"]
[SourceTitle "Corr 2008"]
[Source "ChessBase"]
[SourceDate "2008.06.24"]
[SourceVersion "1"]
[SourceVersionDate "2008.06.24"]
[SourceQuality "1"]

1. e4 c6 2. c4 d5 3. cxd5 cxd5 4. d4 dxe4 5. Nc3 Nf6 6. Be3 e6 7. Nge2 Bb4 8. a3 Ba5 9. Bg5 Nc6 10. b4 Bb6 11. Nxe4 Nxd4 12. Nxd4 Bxd4 13. Bb5+ Ke7 14. Rc1 h6 15. Bxf6+ gxf6 16. 0-0 a6 17. Bd3 f5 18. Ng3 Qb6 19. Qd2 Bd7 20. Bxf5 exf5 21. Rcd1 Be6 22. Qxd4 Qxd4 23. Rxd4 Rad8 24. Ne2 Rxd4 25. Nxd4 Rc8 26. f4 Rc4 27. Ne2 1/2-1/2

[Event "IECG TG.2002.0.14588"]
[Site "IECG email"]
[Date "2002.??.??"]
[Round "2"]
[White "Nunes, Antonio Carvalho Jr"]
[Black "Kass, James"]
[Result "1-0"]
[WhiteElo "1027"]
[BlackElo "1100"]
[PlyCount "31"]
[EventDate "2002.??.??"]
[EventType "match (corr)"]
[EventRounds "2"]
[SourceTitle "Corr 2008"]
[Source "ChessBase"]
[SourceDate "2008.06.24"]
[SourceVersion "1"]
[SourceVersionDate "2008.06.24"]
[SourceQuality "1"]

1. Nf3 d6 2. e4 Nf6 3. Nc3 g6 4. d4 Bg7 5. Be2 0-0 6. 0-0 c6 7. h3 Nbd7 8. Be3 Ne8 9. Qd2 Ndf6 10. Rad1 Rb8 11. Bh6 Qb6 12. e5 Nd7 13. b3 dxe5 14. Bxg7 Kxg7 15. dxe5 Nc7 16. Na4 1-0

[Event "IECG Q3.2000.0.00071"]
[Site "IECG email"]
[Date "2000.04.26"]
[Round "?"]
[White "Nunes, Antonio Carvalho Jr"]
[Black "Deas, John"]
[Result "1-0"]
[WhiteElo "1027"]
[BlackElo "1364"]
[PlyCount "49"]
[EventDate "2000.04.26"]
[EventType "tourn (corr)"]
[EventRounds "6"]
[SourceTitle "Corr 2008"]
[Source "ChessBase"]
[SourceDate "2008.06.24"]
[SourceVersion "1"]
[SourceVersionDate "2008.06.24"]
[SourceQuality "1"]

1. e4 c5 2. Nf3 Nc6 3. d4 cxd4 4. Nxd4 g6 5. Nc3 Bg7 6. Be3 Nf6 7. Bc4 0-0 8. Bb3 d6 9. h3 Bd7 10. Qd2 Re8 11. 0-0 Rc8 12. f4 a6 13. e5 dxe5 14. Nxc6 bxc6 15. fxe5 Nd5 16. Nxd5 cxd5 17. Qxd5 e6 18. Qf3 Rf8 19. Rad1 Bxe5 20. Ba4 Rc7 21. Bb6 Qc8 22. Bxc7 Bxa4 23. Bxe5 f5 24. Qf4 Qb7 25. Qxa4 1-0

[Event "IECG Q3.2000.0.00071"]
[Site "IECG email"]
[Date "2000.04.26"]
[Round "?"]
[White "Nunes, Antonio Carvalho Jr"]
[Black "Knudsen, Niels M"]
[Result "0-1"]
[WhiteElo "1027"]
[BlackElo "1294"]
[PlyCount "65"]
[EventDate "2000.04.26"]
[EventType "tourn (corr)"]
[EventRounds "6"]
[SourceTitle "Corr 2008"]
[Source "ChessBase"]
[SourceDate "2008.06.24"]
[SourceVersion "1"]
[SourceVersionDate "2008.06.24"]
[SourceQuality "1"]

1. c3 d5 2. d4 Nf6 3. Bg5 Ne4 4. Bf4 g5 5. Bg3 h5 6. e3 Bg7 7. Bd3 Bf5 8. f3 Nxg3 9. hxg3 Bxd3 10. Qxd3 e6 11. Nd2 Qe7 12. Ne2 Nc6 13. e4 0-0-0 14. e5 f6 15. exf6 Qxf6 16. f4 Kb8 17. 0-0-0 g4 18. Kb1 Ne7 19. Nb3 Nf5 20. Nc5 Bf8 21. Nxb7 Kxb7 22. Qb5+ Kc8 23. Qa6+ Kd7 24. Qa4+ Ke7 25. Qxa7 Qg6 26. Rd3 Rc8 27. Ka1 Nd6 28. Nc1 Qe4 29. Rg1 h4 30. Rdd1 hxg3 31. Nd3 Bg7 32. Nc5 Qc2 33. Rc1 0-1